विशेष शिक्षा शिक्षण (Record no. 17403)

MARC details
000 -LEADER
fixed length control field 00297nam a22001217a 4500
003 - CONTROL NUMBER IDENTIFIER
control field SGT
082 ## - DEWEY DECIMAL CLASSIFICATION NUMBER
Classification number 370
Item number IND
100 ## - MAIN ENTRY--PERSONAL NAME
Personal name इंदु, राणा
245 ## - TITLE STATEMENT
Title विशेष शिक्षा शिक्षण
260 ## - PUBLICATION, DISTRIBUTION, ETC. (IMPRINT)
Place of publication, distribution, etc DELHI
Name of publisher, distributor, etc SR. PUB.
Year of Publication 2016
300 ## - PAGE DESCRIPTION
No. of Pages 586
942 ## - ADDED ENTRY ELEMENTS (KOHA)
Source of classification or shelving scheme Dewey Decimal Classification
Koha item type Books
942 ## - ADDED ENTRY ELEMENTS (KOHA)
-- 3
Holdings
Withdrawn status Lost status Source of classification or shelving scheme Damaged status Not for loan Collection code Home library Current library Date acquired SGTU Total Checkouts Full call number Accession No. (Barcode) Date last seen Date last borrowed Bill Date Koha item type
    Dewey Decimal Classification     EDUCATION SGT Engineering Library SGT Engineering Library 11/04/2019 SGTU 2 370 IND ED4071 03/01/2023 26/12/2022 11/04/2019 Books
    Dewey Decimal Classification     EDUCATION SGT Engineering Library SGT Engineering Library 11/04/2019 SGTU   370 IND ED4072 11/04/2019   11/04/2019 Books
    Dewey Decimal Classification     EDUCATION SGT Engineering Library SGT Engineering Library 11/04/2019 SGTU   370 IND ED4073 11/04/2019   11/04/2019 Books
    Dewey Decimal Classification     EDUCATION SGT Engineering Library SGT Engineering Library 11/04/2019 SGTU   370 IND ED4074 11/04/2019   11/04/2019 Books
    Dewey Decimal Classification     EDUCATION SGT Engineering Library SGT Engineering Library 11/04/2019 SGTU 3 370 IND ED4075 11/01/2023 06/01/2023 11/04/2019 Books